| 000 | 00601nam a22002417a 4500 | ||
|---|---|---|---|
| 003 | UA-OsUOA | ||
| 001 | 30205 | ||
| 007 | ta | ||
| 008 | 20041105b un ||||| |||| 00| 0 ukr d | ||
| 090 |
_a911.375(084) _bН57 |
||
| 942 | _cBK | ||
| 040 |
_aUA-OsUOA _bukr _cUA-OsUOA _dUA-OsUOA |
||
| 245 |
_aНетішин _bФотокнига _cРед. Е. Я.Умянцева |
||
| 300 |
_a80 с. _bІлюстрації |
||
| 955 | _a0 | ||
| 041 | _aukr | ||
| 080 | _a911.375(084) | ||
| 020 | _a966-512-046-8 | ||
| 260 |
_aКиїв _bСпалах _c2001 |
||
| 044 | _aUA | ||
| 650 | 7 | _2UDC | |
| 999 |
_c316613 _d316613 |
||